000 00813nam a2200313Ia 4500
001 220
003 IT-RoPAU
008 130308s9999 xx 000 0 und d
040 _aIT-RoPAU
040 _cIT-RoPAU
041 _aITALIANO
100 _aCatalano Giuseppe
100 _gCodice Aut. SPICS: 8292
245 _aCome si guarda un film-Intervista
245 _bAl Cinema-Centoquarantotto Film D'Autore
250 _a1a ed.
260 _aMILANO
260 _bBompiani
260 _c1975 [1° Ed.:1975 - Ed.Ling.Originale:1975]
300 _a"5 p. (prefazione: no ; testo: 5)"
650 _aSCHEDE FILMOGRAFICHE
650 _eCodice materia Spics: 6814
700 _aMoravia Alberto
700 _gCodice Aut. SPICS: 3587
942 _cBK
957 _71
999 _c56190
_d56190
999 _bSI
999 _g1